00413nam a2200157Ia 45000010006000000050017000060080041000230410008000640820021000721000029000932450080001222600009002023000028002116500008002396540008002471456820260306164923.0260306t2012||||xx |||||||||||||| ||spa|| aESP a515.33bA68 V. 2 aArce Carrasco, AbeleAUT 0aCálculo diferencial e integral i matemática básica:bsus aplicaciones c2012 a917 páginas :c21 cm. aGEN aCMA